000 00453nam a2200193Ia 4500
008 101110s9999 xx 000 0 und d
041 _aMARATHI
082 _bSR22981
_a891.46808
100 _aDhond M.V.
245 _aTarihi Yeto Vas Phulana
365 _b140
520 _aMarathi
546 _aMARATHI
630 _aTarihi Yeto Vas Phulana
650 _aMarathi
655 _aMarathi
730 _aTarihi Yeto Vas Phulana
942 _cBOOK
999 _c815709
_d815706